000 01719cam a22004097a 4500
001 13030548
003 NUST
005 20220726201746.0
008 021213s2002 maua b 001 0 eng d
010 _a 2002726803
020 _a0618249060 (pbk.)
020 _a061825305X
035 _a(OCoLC)ocm50751491
038 _aAzhar
040 _aOCO
_cOCO
_dTXI
_dDLC
042 _alccopycat
050 0 0 _aQH545.P4
_bC38 2002
082 0 0 _a363.7384
_221
_bCAR
100 1 _aCarson, Rachel,
_d1907-1964.
_995424
245 1 0 _aSilent spring
_cRachel Carson ; introduction by Linda Lear ; afterword by Edward O. Wilson ; [drawings by Lois and Louis Darling].
250 _a40th anniversary ed., 1st Mariner Books ed.
260 _aBoston :
_bHoughton Mifflin,
_c2002.
300 _axix, 378 p. :
_bill. ;
_c21 cm.
500 _a"A Mariner book."
504 _aIncludes bibliographical references (p. [301]-355) and index.
650 0 _aPesticides
_xEnvironmental aspects.
_96764
650 0 _aPesticides
_xToxicology.
_995425
650 0 _aPesticides and wildlife.
_995426
650 0 _aInsect pests
_xBiological control.
_995427
856 4 1 _3Sample text
_uhttp://www.loc.gov/catdir/samples/hm051/2002726803.html
856 4 2 _3Publisher description
_uhttp://www.loc.gov/catdir/description/hm031/2002726803.html
856 4 1 _3Table of contents
_uhttp://www.loc.gov/catdir/toc/hm031/2002726803.html
856 4 2 _3Contributor biographical information
_uhttp://www.loc.gov/catdir/enhancements/fy0737/2002726803-b.html
906 _a7
_bcbc
_ccopycat
_d2
_encip
_f20
_gy-gencatlg
942 _2ddc
_cLC
999 _c590688
_d590688